ICAI 2022 : 2nd International Conference on Automotive Industry, 9. - 10. June 2022, Mladá Boleslav, Czech Republic /

Gespeichert in:
Bibliographische Detailangaben
Körperschaft: International Conference on Automotive Industry Mladá Boleslav, Czech Republic
Weitere Verfasser: Šaroch, Stanislav (Zusammenstellung)
Format: Tagungsbericht Buch
Sprache:Englisch
Veröffentlicht: Mladá Boleslav : Škoda Auto University, 2022
Ausgabe:1. vyd.
Tags: Tag hinzufügen
Keine Tags, Fügen Sie das erste Tag hinzu!

MARC

LEADER 00000nam a22000003a 4500
001 0095986
003 SK-STU
005 20220701085727.1
007 ta
008 220701s ----xo-----e------000-0-----d
020 |a 978-80-7654-046-0 
020 |a 978-80-7654-045-3 (online) 
022 |a 2695-0073 
022 |a 2695-0081 (online) 
040 |a STU  |b slo 
041 0 |a eng 
044 |a xr 
100 1 |a Šaroch, Stanislav  |4 com  |9 100 
111 2 |a International Conference on Automotive Industry  |n 2th  |d 9. - 10. 06. 2022 :  |c Mladá Boleslav, Czech Republic 
245 1 0 |a ICAI 2022 :  |b 2nd International Conference on Automotive Industry, 9. - 10. June 2022, Mladá Boleslav, Czech Republic /  |c zost. Stanislav Šaroch 
250 |a 1. vyd. 
260 |a Mladá Boleslav :  |b Škoda Auto University,  |c 2022 
300 |a 247 s. 
996 |b 284M089140  |c M* Z-4491  |l MMKN  |s A  |a 24  |w 0095986_0001